[Event "EYCC 2017"]
[Site "Mamaia"]
[Date "2017.09.12"]
[Round "7"]
[White "Deac, Bogdan-Daniel"]
[Black "Martirosyan, Haik M"]
[Result "1/2-1/2"]
[WhiteElo "2559"]
[BlackElo "2570"]
[Annotator "TA"]
[PlyCount "32"]
[EventDate "2017.??.??"]
[EventType "swiss"]
[EventCountry "ROU"]
[SourceTitle "playchess.com"]
[Source "ChessBase"]
[SourceQuality "1"]

{[%evp 20,32,18,14,20,17,11,28,35,34,33,33,33,21,51]} 1. e4 e5 2. Nf3 Nc6 3. Bb5 Nf6 4. O-O Nxe4 5. Re1 Nd6 6. Nxe5 Nxe5 7. Rxe5+ Be7 8. Bf1 O-O 9. d4 Bf6 {C67: Ruy Lopez: Berlin Defence: 4 0-0 Nxe4} 10. Re2 b6 11. Re1 {LiveBook: 4 Games} Re8 12. Bf4 Rxe1 13. Qxe1 Qe7 14. Nc3 {[#] Black must now prevent Nd5.} Bb7 15. Qxe7 Bxe7 {[#]} 16. Re1 $146 ({Find the theoretical novelty and annotate with similar games:} 16. a4 a6 17. g3 {½-½ (78) Carlsen,M (2853)-Karjakin,S (2772) New York 2016}) 16... Bf8 1/2-1/2

[Event "EYCC 2017"]
[Site "Mamaia"]
[Date "2017.09.12"]
[Round "7"]
[White "Santos Ruiz, Miguel"]
[Black "Sorokin, Aleksey"]
[Result "1/2-1/2"]
[WhiteElo "2505"]
[BlackElo "2486"]
[Annotator "TA"]
[PlyCount "39"]
[EventDate "2017.??.??"]
[EventType "swiss"]
[EventCountry "ROU"]
[SourceTitle "playchess.com"]
[Source "ChessBase"]
[SourceQuality "1"]

{[%evp 14,39,14,14,24,24,22,28,25,27,22,29,29,24,19,25,32,16,25,22,22,20,27,26,20,17,24,8]} 1. e4 c6 2. d4 d5 3. exd5 cxd5 4. Bd3 Nc6 5. c3 Qc7 6. Ne2 Bg4 7. O-O {B13: Caro-Kann: Exchange Variation and Panov-Botvinnik Attack} e6 8. Qe1 {LiveBook: 32 Games} Nf6 (8... Bxe2 9. Qxe2 Bd6 10. g3 h5 11. Nd2 h4 12. Nf3 hxg3 13. hxg3 O-O-O 14. Bd2 Qd7 {½-½ (78) Alekseev,E (2614)-Shimanov,A (2646) St Petersburg 2017}) 9. f3 Bh5 $1 10. Qh4 {Threatens to win with Nf4.} h6 11. Qh3 {aiming for Nf4.} Bd6 $146 ({Predecessor:} 11... e5 12. dxe5 Nxe5 13. Bb5+ Ned7 14. Be3 Bd6 {1-0 (92) Lobanov,S (2429)-Usmanov,V (2443) St Petersburg 2017}) 12. Ng3 Bxg3 13. Qxg3 Qxg3 14. hxg3 Bg6 15. Be2 h5 16. Nd2 Nd7 17. Nb3 f6 18. Kf2 Bf5 19. Be3 Kf7 20. a4 {Precision: White = 83%, Black = 73%.} 1/2-1/2

[Event "EYCC 2017"]
[Site "Mamaia"]
[Date "2017.09.12"]
[Round "7"]
[White "Hakobyan, Aram"]
[Black "Erenberg, Ariel"]
[Result "0-1"]
[WhiteElo "2472"]
[BlackElo "2386"]
[Annotator "TA"]
[PlyCount "154"]
[EventDate "2017.??.??"]
[EventType "swiss"]
[EventCountry "ROU"]
[SourceTitle "playchess.com"]
[Source "ChessBase"]
[SourceQuality "1"]

{[%evp 20,154,20,0,16,11,22,22,24,35,22,35,41,23,66,0,0,0,0,16,19,21,21,26,18,-33,-35,-55,-64,-39,-8,-12,-7,-8,-11,-1,21,0,0,0,0,0,0,0,9,0,17,0,0,-20,-14,-18,-4,-5,0,0,108,50,49,54,100,-45,-45,-51,220,0,0,0,54,54,54,52,52,52,52,14,16,17,9,13,22,0,0,0,0,-57,-57,-85,-87,-74,-77,-157,-76,-71,-68,-69,-71,-86,0,-71,-76,-216,-208,-187,-148,-163,-174,-250,-241,-307,-283,-609,-592,-575,-554,-633,-671,-909,-989,-671,-650,-1162,-1114,-29956,-29961,-6320,-6162,-29974,-4055,-29973,-29975,-29975,-29976,-29975,-29976,-29977,-29978]} 1. d4 Nf6 2. Nf3 g6 3. Bf4 Bg7 4. e3 O-O 5. Be2 d6 6. h3 Nbd7 7. O-O b6 8. Bh2 Bb7 9. c4 Re8 10. Nc3 e5 {E61: King's Indian: Early deviations for White, including Smyslov System} 11. d5 {LiveBook: 7 Games} Qe7 (11... a5 12. b3 Nc5 13. Qc2 Bc8 14. Rad1 Bf5 15. Qc1 Nfe4 16. Nb5 Bd7 17. Ne1 f5 18. f3 {½-½ (72) Nakamura,H (2793)-Caruana,F (2787) Saint Louis 2015}) 12. Rc1 Rac8 $146 {The position is equal.} ({Find the theoretical novelty and annotate with similar games:} 12... Rf8 13. b4 a5 14. a3 Ne8 15. Qb3 f5 16. Rfd1 Kh8 17. Na4 axb4 18. axb4 {1-0 (41) Norwood,D (2290)-Howell,J (2340) Groningen 1984}) 13. b4 a6 14. Qb3 c6 15. dxc6 Bxc6 16. Rfd1 Red8 17. Rd2 (17. Nd2 $14) 17... Ne4 $11 18. Nd5 Qe8 19. Rdc2 Nef6 20. Nd2 Nxd5 21. cxd5 Bb7 $1 22. Rc7 (22. Ne4 $11 Rxc2 23. Rxc2) 22... Nf6 $15 23. Qa3 Rxc7 24. Rxc7 Rb8 (24... Bxd5 {is more complex.} 25. Bxa6 Ra8 26. b5 Bf8 27. Qd3 Qd8) 25. Bxa6 (25. b5 $5 Qd8 26. Rxb7 Rxb7 27. bxa6 $11) 25... Bxa6 26. Qxa6 Nxd5 27. Rc1 Qd7 ({Not} 27... Nxb4 $2 28. Qc4 $18) 28. Qc4 (28. Qd3 $5 {[%cal Rd3d5]} Ne7 29. a4 $11) 28... Ne7 29. Qb3 h6 30. a4 Ra8 31. b5 Qa7 32. Ra1 Rc8 33. Qb4 Qc7 34. e4 d5 35. Re1 d4 36. Nf3 d3 37. Bg3 Bf6 (37... Qc5 $1 $11 38. Qxc5 Rxc5) 38. Qd2 (38. Rd1 $16) 38... Qc2 $14 {...Bg5 is the strong threat.} 39. Qxh6 Qxa4 40. Ng5 ({White should try} 40. Bxe5 $16 Bxe5 41. Nxe5) 40... Bxg5 $15 41. Qxg5 Qb4 $2 {[%mdl 8192]} (41... Qc2 $15 42. Qxe7 d2) 42. Rd1 $2 ({Only move:} 42. Ra1 $18 d2 43. Kh2) 42... Qxe4 $11 {White must now prevent ...Nf5.} 43. Bxe5 ({Of course not} 43. Qxe7 Qe2 $17) 43... Nd5 (43... Qe2 $11 44. Rd2 Qe1+ 45. Kh2 Rc5 46. Qxe7 Qxe5+ 47. Qxe5 Rxe5) 44. Kh2 $1 $14 Re8 45. Ba1 Nf4 46. f3 Qf5 47. Qxf5 gxf5 {[%mdl 4096] Endgame KRB-KRN} 48. Kg3 Ne2+ $1 49. Kf2 Rd8 $1 50. h4 f4 51. Rd2 Rd5 52. Bf6 (52. Ke1 $11) 52... Kh7 $15 53. Ke1 Kg6 54. Ba1 Ng3 $1 55. Rb2 (55. Rd1 $142) 55... Nf5 (55... Kh5 $142 $1 {Threatens to win with ...Nf1!} 56. Ra2 Nf1 $1 {[%mdl 512]}) 56. Kd2 $17 {Black should prevent Rb4.} Ne3 57. Rb4 {With the idea Rd4.} Nf1+ 58. Kd1 Ne3+ 59. Kd2 {White wants to play Rd4.} Nxg2 60. Bb2 {[#]} (60. Bc3 $17) 60... Kf5 $1 $19 ({Less strong is} 60... Nxh4 61. Rxf4 Nf5 62. Rg4+ Kh6 63. Bc3 $15) 61. h5 Kg5 62. h6 Kxh6 63. Rd4 (63. Bf6 $142) 63... Rxb5 64. Rd6+ {[#]} Kh5 $1 65. Bd4 $2 (65. Bf6) 65... Nh4 66. Kxd3 Nxf3 67. Bxb6 Ne5+ 68. Kc3 f5 69. Bd4 f3 {[%cal Bf4f3,Bf3f2][%mdl 32]} 70. Rd8 Ng4 71. Kd3 f2 72. Rh8+ Kg5 73. Rh1 Kf4 (73... Rd5 $142 74. Rf1 Kf4 75. Rh1 Ne3 76. Kc3 Kf3 77. Rc1 Rxd4 78. Kxd4 f1=Q 79. Rc6 Qb5 80. Rd6 f4 81. Rh6 Qc4+ 82. Ke5 Ng4+ 83. Kd6 Nxh6 84. Ke5 Qc6 85. Kd4 Ng4 86. Kd3 Qc5 87. Kd2 Nf2 88. Ke1 Qc1#) 74. Ke2 Kg3 {Black mates.} 75. Bxf2+ Nxf2 76. Rg1+ Kh2 77. Rg8 Nh3 {Precision: White = 41%, Black = 59%.} 0-1

[Event "EYCC 2017"]
[Site "Mamaia"]
[Date "2017.09.12"]
[Round "7"]
[White "Livaic, Leon"]
[Black "Thybo, Jesper Sondergaard"]
[Result "1/2-1/2"]
[WhiteElo "2461"]
[BlackElo "2466"]
[Annotator "TA"]
[PlyCount "66"]
[EventDate "2017.??.??"]
[EventType "swiss"]
[EventCountry "ROU"]
[SourceTitle "playchess.com"]
[Source "ChessBase"]
[SourceQuality "1"]

{[%evp 23,66,17,22,0,0,-5,9,0,46,0,0,0,77,77,77,81,97,94,100,97,105,35,87,87,103,95,92,92,91,84,78,52,48,57,39,35,63,64,70,72,98,12,12,0,10]} 1. d4 Nf6 2. c4 e6 3. Nf3 d5 4. Nc3 Bb4 5. Bg5 h6 6. Bxf6 Qxf6 7. Qa4+ Nc6 8. e3 O-O {D38: Queen's Gambit Declined: Ragozin Defence (4 Nf3 Bb4)} 9. Rc1 Qg6 10. Qc2 Qxc2 11. Rxc2 Rd8 12. a3 Bf8 {LiveBook: 13 Games} 13. cxd5 $146 ({Predecessor:} 13. Nb5 Rd7 14. cxd5 exd5 15. Bd3 a6 16. Nc3 {1-0 (65) Wang,H (2717)-Movsesian,S (2653) Huaian 2016}) 13... exd5 14. Bd3 Ne7 15. Ke2 Bf5 16. b4 Bxd3+ 17. Kxd3 Nf5 (17... Nc8 $11 {keeps the balance.}) 18. g4 $16 Ne7 19. Na4 c6 {[#]} 20. Nc5 $1 {[%cal Rc5b7]} Rab8 21. Ne5 Nc8 22. a4 ({Better is} 22. Ned7 $16 Bxc5 23. Nxb8) 22... Bxc5 (22... f6 $14 23. Ne6 Rd6 24. Nxf8 Kxf8) 23. bxc5 {And now Rb1 would win.} f6 24. Nf3 Ne7 25. Rb1 b6 26. Rcb2 {[%cal Rc5b6]} Ra8 27. cxb6 axb6 28. Rxb6 Rxa4 29. Rb7 Ra3+ 30. Ke2 Nc8 31. Rc7 Ra2+ 32. Kf1 ({White should play} 32. Nd2 $16 {Threatens to win with Rb8.} Nd6 33. Ke1) 32... Nd6 $11 33. Nh4 {Nf5 is the strong threat.} Rda8 {Precision: White = 41%, Black = 52%.} 1/2-1/2

[Event "EYCC 2017"]
[Site "Mamaia"]
[Date "2017.09.12"]
[Round "7"]
[White "Morozov, Nichita"]
[Black "Tica, Sven"]
[Result "1/2-1/2"]
[WhiteElo "2461"]
[BlackElo "2389"]
[Annotator "TA"]
[PlyCount "91"]
[EventDate "2017.??.??"]
[EventType "swiss"]
[EventCountry "ROU"]
[SourceTitle "playchess.com"]
[Source "ChessBase"]
[SourceQuality "1"]

{[%evp 14,91,17,2,25,-4,0,0,19,24,11,-41,-38,-46,-31,-26,-35,-35,-31,-36,-6,-48,-48,-43,-25,-30,0,-25,-9,-71,-27,-59,0,-35,2,-60,-46,-85,44,41,49,-19,78,0,0,0,14,0,0,0,0,-3,0,0,0,0,0,0,0,0,0,0,4,0,0,0,2,0,0,0,0,0,0,0,0,0,0,0,0,0]} 1. e4 c6 2. d4 d5 3. e5 Bf5 4. Nd2 e6 5. Nb3 Nd7 6. Be3 {B12: Caro-Kann: Advance Variation} (6. Nf3 a6 7. Be2 c5 8. dxc5 Bxc5 9. Nxc5 Nxc5 10. Be3 Rc8 11. O-O Ne7 12. c4 O-O 13. Rc1 Qa5 14. Bg5 {½-½ (29) Kravtsiv,M (2657)-Najer,E (2706) Kocaeli 2017}) 6... Ne7 7. Be2 h6 8. Nf3 {LiveBook: 9 Games} g5 9. Qd2 $146 ({Predecessor:} 9. O-O Bg7 10. Ne1 c5 11. c3 O-O 12. f4 gxf4 13. Bxf4 c4 14. Nd2 {1-0 (43) Paragua,M (2509)-Gurevich,D (2392) ICC INT 2015}) 9... Bg7 10. h3 Qc7 11. g4 Be4 12. Qc3 (12. h4 $11) 12... Bxf3 13. Bxf3 f6 14. exf6 Bxf6 15. O-O-O O-O-O 16. Kb1 Kb8 17. a4 (17. h4 $5) 17... Ng6 18. a5 Rhf8 19. Be2 Rc8 20. Qd2 Be7 21. Rc1 (21. Bd3 $11 Nh4 22. c4) 21... Nf4 22. Bf1 Qd6 (22... a6 $15) 23. c4 Qb4 24. Qd1 (24. Qxb4 $11 Bxb4 25. a6 $1 {[%mdl 512]}) 24... Qa4 25. Rg1 b5 (25... a6 $17) 26. cxb5 $14 cxb5 27. Rg3 (27. Rxc8+ $14 Rxc8 28. Bxf4+ gxf4 29. Bd3) 27... Bb4 {[#]} (27... Nf6 $11) 28. Rxc8+ ({White should play} 28. Rf3 $1 $16) 28... Rxc8 $11 {The position is equal.} 29. Rf3 Bd6 (29... Nf6 $5 {[%cal Rf6e4]}) 30. Bd2 (30. Bxf4 $5 Bxf4 31. Qe2 $14) 30... Nf6 31. Bd3 Ne4 32. Bxf4 Bxf4 33. Bc2 Qb4 34. Qe2 Qc4 35. Qd1 b4 {[#]} 36. h4 $1 {[%mdl 512]} Qb5 (36... gxh4 37. Rxf4) 37. hxg5 hxg5 ({But not} 37... Bxg5 $6 38. Qe1 $16) 38. Bxe4 dxe4 {[%cal Bd5e4,Be4e3][%mdl 32]} 39. Rh3 Qa4 {Hoping for ...Rc1+!} 40. Qe2 {[#]} e3 $1 {[%mdl 512]} 41. Nc5 (41. fxe3 Qxb3) 41... Rxc5 $1 42. dxc5 b3 $1 43. Rh8+ Kc7 44. Rh7+ Kb8 45. Rh8+ Kc7 {( -> ...Qa2+)} 46. Rh7+ {Precision: White = 38%, Black = 47%.} 1/2-1/2

[Event "EYCC 2017"]
[Site "Mamaia"]
[Date "2017.09.12"]
[Round "7"]
[White "Fakhrutdinov, Timur"]
[Black "Ileana, George"]
[Result "1/2-1/2"]
[WhiteElo "2441"]
[BlackElo "2219"]
[Annotator "TA"]
[PlyCount "149"]
[EventDate "2017.??.??"]
[EventType "swiss"]
[EventCountry "ROU"]
[SourceTitle "playchess.com"]
[Source "ChessBase"]
[SourceQuality "1"]

{[%evp 30,149,0,0,0,0,0,0,0,0,26,-56,31,31,33,33,27,33,37,40,37,29,31,31,29,28,32,25,35,6,7,6,7,6,5,0,29,10,12,5,5,2,8,0,0,0,0,0,0,0,0,0,0,0,0,0,0,0,0,0,0,0,0,0,0,0,0,0,0,0,0,0,0,0,0,0,0,0,0,0,0,0,0,0,0,0,0,0,0,0,0,0,0,0,0,0,0,0,85,0,0,0,0,0,0,0,0,0,-3,-3,0,-5,-5,-5,-5,-9,-11,-34,-30,-30,-30,-30]} 1. e4 c5 2. Nf3 d6 3. d4 cxd4 4. Nxd4 Nf6 5. Nc3 g6 6. Be3 Bg7 7. f3 Nc6 8. Qd2 O-O 9. Bc4 Bd7 10. O-O-O Rc8 11. Bb3 Nxd4 12. Bxd4 b5 13. a3 {B78: Sicilian Dragon: Yugoslav Attack, 9 Bc4 Bd7 10 0-0-0 Rc8} (13. e5 dxe5 14. Bxe5 Bc6 15. Qxd8 Rfxd8 16. Ne2 Bh6+ 17. Kb1 Nd7 18. Bd4 a5 19. a3 b4 20. axb4 axb4 {0-1 (47) Yu,Y (2744)-Jones,G (2625) Gibraltar 2016}) 13... a5 14. h4 b4 15. axb4 axb4 16. Nd5 {LiveBook: 3 Games} Nxd5 17. Bxg7 Kxg7 18. exd5 Kg8 19. Qd4 Qa5 (19... Bf5 {looks sharper.} 20. Qxb4 Qc7 21. Rd4 Qa7 22. Qa4 Qc5) 20. Kd2 ({Better is} 20. h5 $11) 20... Qc5 $146 ({Black should play} 20... e5 $1 $15 21. Qe3 (21. dxe6 Bxe6 22. Bxe6 fxe6 $15) 21... Rc5) ({Find the theoretical novelty and annotate with similar games:} 20... Rc5 21. h5 {0-1 (74) Nigmatov,O (2331)-Vokhidov,S (2377) Tashkent 2017}) 21. Qxc5 $14 dxc5 22. Bc4 Rfd8 23. Ke3 h5 24. Kf4 Bf5 25. Rhe1 Rc7 26. Rd2 Rd6 27. Ra1 Kg7 28. Ra5 Bc8 29. Ke3 Kf6 30. g3 Ke5 31. c3 bxc3 32. bxc3 Kf6 33. Ba2 e6 34. dxe6 Rxd2 35. Kxd2 Bxe6 $11 {[%mdl 4096] Endgame KRB-KRB} 36. Ra6 c4 37. Ke3 Ke7 38. Bb1 Rd7 39. Bc2 Bd5 40. Ba4 Rd8 41. Rb6 Be6 {With the idea ...Rd3+.} 42. Bc2 Kf6 43. Rb5 Rd7 44. Be4 Rd1 45. Rb1 Rd6 46. Rb2 Bf5 47. Rb4 Be6 48. Bc2 Ke7 49. Rb1 Kf6 50. Rd1 Ra6 51. Rd2 Ke5 52. Be4 Ra5 53. f4+ Kf6 54. Kd4 Ra7 55. Re2 Rd7+ 56. Kc5 Rd1 57. Re3 Rd2 58. Bf3 Rd8 59. Be2 Rc8+ 60. Kd6 Bf5 61. Re5 Be6 62. Bf1 Rd8+ 63. Kc5 Rb8 {[#]} (63... Rc8+ $11 64. Kb4 Rb8+ 65. Rb5 Rc8) 64. Kd4 (64. Bg2 $1 $16) 64... Rd8+ 65. Ke3 Rd1 66. Be2 Rg1 67. Kf2 Rc1 {Hoping for ...Rc2.} 68. Re3 $1 Rc2 {Black wants to play ...Bg4.} 69. Ke1 Rc1+ 70. Kd2 Rg1 71. Kc2 Rg2 {[#] And now ...Bg4 would win.} 72. Kc1 Kg7 73. Kd1 Bg4 74. Bxg4 hxg4 75. Ke1 {Precision: White = 75%, Black = 84%.} 1/2-1/2

[Event "EYCC 2017"]
[Site "Mamaia"]
[Date "2017.09.12"]
[Round "7"]
[White "Plenca, Jadranko"]
[Black "Stauskas, Lukas"]
[Result "1-0"]
[WhiteElo "2440"]
[BlackElo "2387"]
[Annotator "TA"]
[PlyCount "79"]
[EventDate "2017.??.??"]
[EventType "swiss"]
[EventCountry "ROU"]
[SourceTitle "playchess.com"]
[Source "ChessBase"]
[SourceQuality "1"]

{[%evp 10,79,27,30,18,31,26,23,76,14,37,47,81,40,82,65,79,78,93,84,79,0,41,42,43,42,39,40,81,108,116,112,104,126,122,122,117,118,149,86,83,0,136,125,128,104,152,143,280,283,268,251,264,202,261,277,510,516,496,509,506,483,29977,29978,29977,29979,29979,29980,29980,29981,29985,29986]} 1. e4 c5 2. Nf3 a6 3. c3 e6 4. d4 d5 5. exd5 exd5 6. Bd3 c4 {B22: Sizilianisch (Alapin 2.c3)} 7. Bc2 Bd6 8. Ne5 Qh4 $146 (8... Ne7 $11) ({Vorgänger:} 8... Qf6 9. O-O Ne7 10. Qh5 g6 11. Bg5 Qe6 12. Qh4 Bxe5 13. dxe5 Nd7 14. Nd2 {1-0 (23) Kokarev,D (2635)-Grachev,B (2666) Sochi 2015}) 9. Qf3 (9. Nd2 $16) 9... Be6 (9... Bxe5 $5 10. dxe5 Ne7 $11) 10. Bf4 Ne7 11. Nd2 Qf6 12. O-O-O Bf5 13. Bxf5 Qxf5 14. Rde1 {Schwarz muss nun g4 beachten.} O-O 15. Qe3 (15. Bg3 $16) 15... Ng6 16. Nxg6 Qxg6 17. h4 {[%cal Bh2h4,Bh4h5,Bh5h6][%mdl 32]} Bxf4 18. Qxf4 Qc6 19. h5 {h6 ist eine echte Drohung.} Nd7 20. h6 $1 {Droht stark Te7.} g6 21. Re7 Qf6 22. Qxf6 $40 {[%mdl 128] Weiss riecht Blut.} Nxf6 23. Rxb7 Rfe8 24. f3 (24. Nf3 $142) 24... Nh5 $16 25. Rd7 ({Günstiger ist} 25. Kc2 $16) 25... Rad8 (25... Nf4 $1 $11 {bleibt in der Remisbreite.}) 26. Rxd8 Rxd8 {[%mdl 4096] Endspiel KTS-KTS} 27. Kc2 Re8 {[#]} 28. b3 $1 Nf4 (28... Ng3 $16 29. Rb1 cxb3+ 30. axb3 (30. Rxb3 Nf5 $16) 30... Nf5) 29. bxc4 $18 Nxg2 30. cxd5 Ne3+ 31. Kb2 Nxd5 32. c4 {[%cal Bc3c4,Bc4d5,Bd5d6,Bd6d7][%mdl 32]} Re2 $2 (32... Rb8+ {ist wohl besser.} 33. Nb3 Nf4) 33. cxd5 Rxd2+ {KT-KT} 34. Kc3 Re2 35. Kd3 Rxa2 (35... Rb2 $18 36. Rc1 Rb8) 36. d6 {Weiß setzt Matt.} Kf8 37. Re1 Rb2 {[#]} 38. Kc4 $1 Rb8 39. Kc5 Re8 {[#]} 40. d7 $3 {[%mdl 512] Precision: Weiß = 75%, Schwarz = 27%.} 1-0

[Event "EYCC 2017"]
[Site "Mamaia"]
[Date "2017.09.12"]
[Round "7"]
[White "Sargsyan, Shant"]
[Black "Szpar, Milosz"]
[Result "1-0"]
[WhiteElo "2436"]
[BlackElo "2308"]
[Annotator "TA"]
[PlyCount "41"]
[EventDate "2017.??.??"]
[EventType "swiss"]
[EventCountry "ROU"]
[SourceTitle "playchess.com"]
[Source "ChessBase"]
[SourceQuality "1"]

{[%evp 18,41,53,33,36,39,40,31,64,46,46,42,47,58,54,44,163,168,159,169,589,578,1251,1238,1000,945]} 1. d4 d5 2. Nf3 Nf6 3. c4 c6 4. e3 e6 5. b3 Nbd7 6. Bd3 Bd6 7. Bb2 O-O {A06: Réti Opening:1 Nf3 d5} 8. O-O (8. Nbd2 b6 9. O-O Bb7 10. Qe2 c5 11. Rad1 Ne4 12. cxd5 exd5 13. Ba6 Bxa6 14. Qxa6 Re8 15. dxc5 Ndxc5 16. Qe2 Rc8 17. Rc1 Bf8 18. Rfd1 Qe7 {½-½ (45) Radjabov,T (2710)-Ding,L (2773) Moscow 2017}) 8... Re8 9. Ne5 Qc7 10. f4 {LiveBook: 6 Games} Ne4 11. Nc3 f5 12. g4 {[%cal Bg2g4,Bg4g5,Bg5g6][%mdl 32]} Ndf6 13. g5 $146 ({Predecessor:} 13. Nxe4 Nxe4 14. Rc1 Qe7 15. Rc2 {1-0 (31) Wang,R (2430)-Yuksel,A (2060) Kocaeli 2013}) 13... Nxc3 14. Bxc3 Ne4 15. Bxe4 dxe4 16. g6 h6 {[#]} (16... Bxe5 $1 $14 17. gxh7+ (17. dxe5 hxg6 18. Qe2 Qe7 $11) 17... Kh8) 17. Nf7 $1 $18 Bf8 18. Kh1 Be7 $2 {[#]} (18... Re7 {is a better chance.} 19. Bb4 Re8) 19. d5 $1 {White is clearly winning.} exd5 {[#] intending ...Bc5.} 20. Nxh6+ $1 {[%mdl 512]} Kf8 (20... gxh6 21. Qd4) 21. Qh5 {Precision: White = 85%, Black = 39%.} 1-0